| 000 | 00559nam a22002177a 4500 | ||
|---|---|---|---|
| 999 |
_c3966 _d234470 |
||
| 080 | _a342.4 Sa 47 | ||
| 100 | _aSampay, Arturo Enrique | ||
| 245 | _aLa Reforma Constitucional | ||
| 260 |
_aLa Plata _bLaboremus _c1949 |
||
| 300 | _a152 P. | ||
| 650 | _xderecho constitucional | ||
| 650 | _xreforma constitucional | ||
| 650 | _xley 13.233 | ||
| 650 | _xart. 30 | ||
| 650 | _xConstitucion de 1853 | ||
| 650 | _xderechos de la ancianidad | ||
| 650 | _xcodigo Napoleòn | ||
| 650 | _xCuestiones Politicas | ||
| 942 | _6_ | ||
| 945 |
_acd _d2015-05-29 |
||